000 00585nam a2200193Ia 4500
003 IN-BaIIA
008 211028s9999 xx 000 0 eng d
020 _a90-277-0156-3
040 _cIIA Library
080 _a082.2:52
_bIAU-C4
245 0 _aStellar rotation
_cedited by Arne Slettebak
260 _aDordrecht
_bD. Reidel Publishing
_c1970
300 _aIxvi, 355p.
650 _aAstronomy and astrophysics thesaurus
650 _aStellar dynamics
650 _aStellar rotation
_910198
700 _aSlettebak, Arne., ed
_99481
942 _cBK
999 _c5880
_d5880